Textbook Of Industrial Automation (Record no. 307529)

MARC details
000 -LEADER
fixed length control field 00413nam a2200157Ia 4500
008 - FIXED-LENGTH DATA ELEMENTS--GENERAL INFORMATION
fixed length control field 230718s9999 xx 000 0 und d
041 ## - LANGUAGE CODE
Language code of text/sound track or separate title eng
082 ## - DEWEY DECIMAL CLASSIFICATION NUMBER
Classification number 629.8'3
Item number AGA
100 ## - MAIN ENTRY--PERSONAL NAME
Personal name Agashe S.S.
245 ## - TITLE STATEMENT
Title Textbook Of Industrial Automation
260 ## - PUBLICATION, DISTRIBUTION, ETC. (IMPRINT)
Date of publication, distribution, etc. 2004
Name of publisher, distributor, etc. Tech Max Publications
300 ## - PHYSICAL DESCRIPTION
Extent 238
365 ## - TRADE PRICE
Currency code Rs.
Price amount 180.00
700 ## - ADDED ENTRY--PERSONAL NAME
Personal name Agashe S.S.
906 ## - LOCAL DATA ELEMENT F, LDF (RLIN)
d B:19901/23.03.200415-Aug-2005
c INST
b 36
Holdings
Withdrawn status Lost status Damaged status Not for loan Home library Current library Date acquired Vendor Budget Code Cost, normal purchase price Bill number Total Checkouts Full call number Barcode Date last seen Discount Cost, replacement price Bill Date Koha item type Original Barcode
        Cummins College of Engineering for Women Pune Cummins College of Engineering for Women Pune 24/03/2004 Pradeep Book Distributors INST 144.00 19901/23.03.2004   629.8'3 CCEP-BK-18736 18/07/2023 36 180.00 15/08/2005 Books 018736